[Event "Panevezys op-A"]
[Site "Panevezys"]
[Date "2016.06.09"]
[Round "6"]
[White "Zukauskas, Arnas Povilas"]
[Black "Slusnys, Evaldas"]
[Result "1-0"]
[WhiteElo "2012"]
[BlackElo "1888"]
[PlyCount "119"]
[EventDate "2016.06.06"]
[EventType "swiss"]
[EventRounds "9"]
[EventCountry "LTU"]
[SourceTitle "CBM 172 Extra"]
[Source "ChessBase"]
[SourceDate "2016.06.21"]
[SourceVersion "1"]
[SourceVersionDate "2016.06.21"]
[SourceQuality "1"]

1. e4 c5 2. Nf3 Nc6 3. d4 cxd4 4. Nxd4 e5 5. Nb3 Nf6 6. Nc3 Bb4 7. Bd3 d5 8. exd5 Nxd5 9. Bd2 Nxc3 10. bxc3 Be7 11. 0-0 0-0 12. Qe2 Qc7 13. f4 exf4 14. Bxf4 Bd6 15. Bxh7+ Kh8 16. Bxd6 Qxd6 17. Bd3 g6 18. Rae1 b6 19. c4 Bb7 20. Qd2 Kg7 21. Qc3+ f6 22. c5 Qd7 23. Be4 Rae8 24. cxb6 axb6 25. Rd1 Qc8 26. Bxc6 Qxc6 27. Qxc6 Bxc6 28. Rd6 Ba8 29. Nd4 Rf7 30. Rxb6 Rd7 31. c3 Re3 32. Rfxf6 Be4 33. Rf4 Bd5 34. Rg4 Rxc3 35. Rgxg6+ Kf7 36. Nf5 Rc1+ 37. Kf2 Rc2+ 38. Ke3 Rxg2 39. Rgf6+ Ke8 40. Rb8+ Rd8 41. Rxd8+ Kxd8 42. Rd6+ Kc7 43. Rxd5 Rxh2 44. a4 Ra2 45. a5 Kb7 46. Nd4 Ka6 47. Nc6 Ra1 48. Nb4+ Kb7 49. Kd4 Rc1 50. Rc5 Rb1 51. Kc4 Ka7 52. Kb5 Ka8 53. Rc2 Ka7 54. Rc6 Rb2 55. Rc1 Kb7 56. Rg1 Ka7 57. Rh1 Kb7 58. a6+ Ka7 59. Rh7+ Ka8 60. Ka5 1-0

[Event "Panevezys op-A"]
[Site "Panevezys"]
[Date "2016.06.08"]
[Round "4"]
[White "Zukauskas, Arnas Povilas"]
[Black "Malinin, Yuri"]
[Result "0-1"]
[WhiteElo "2012"]
[BlackElo "2220"]
[PlyCount "118"]
[EventDate "2016.06.06"]
[EventType "swiss"]
[EventRounds "9"]
[EventCountry "LTU"]
[SourceTitle "CBM 172 Extra"]
[Source "ChessBase"]
[SourceDate "2016.06.21"]
[SourceVersion "1"]
[SourceVersionDate "2016.06.21"]
[SourceQuality "1"]

1. Nf3 c5 2. c4 Nc6 3. Nc3 g6 4. d4 cxd4 5. Nxd4 Bg7 6. e3 Nf6 7. Be2 0-0 8. 0-0 Nxd4 9. exd4 d5 10. Be3 dxc4 11. Bxc4 Ng4 12. Be2 Nxe3 13. fxe3 e5 14. d5 Qb6 15. Qd2 Bh6 16. Rf3 f5 17. Rh3 Bg5 18. Rg3 Be7 19. Na4 Qd6 20. e4 Bd7 21. Nc3 f4 22. Rf3 b5 23. Kh1 a6 24. a3 g5 25. Na2 g4 26. Rc3 Rf6 27. Rac1 Raf8 28. Qd1 Rg6 29. Nb4 Bd8 30. Rc6 Bxc6 31. Rxc6 Qd7 32. Rxg6+ hxg6 33. Bxg4 Qd6 34. Nc6 Bb6 35. b4 Kg7 36. Qa1 Bc7 37. Qc3 Qf6 38. h3 Bd6 39. Qa1 Rf7 40. Qe1 Qg5 41. Qf2 f3 42. gxf3 Qc1+ 43. Kh2 Qxa3 44. Nd8 Qxb4 45. Qg2 Rf6 46. Ne6+ Kf7 47. Qf2 Be7 48. Qh4 Kg8 49. Qh6 Bf8 50. Qg5 Kf7 51. Nd8+ Kg7 52. Ne6+ Rxe6 53. dxe6 Qc5 54. Qd2 Qd4 55. Qe2 Kf6 56. h4 b4 57. Bh3 Bh6 58. Qg2 b3 59. Bg4 Qd2 0-1

[Event "Panevezys op-A"]
[Site "Panevezys"]
[Date "2016.06.07"]
[Round "3"]
[White "Korolev, Alexandr"]
[Black "Zukauskas, Arnas Povilas"]
[Result "0-1"]
[WhiteElo "2025"]
[BlackElo "2012"]
[PlyCount "68"]
[EventDate "2016.06.06"]
[EventType "swiss"]
[EventRounds "9"]
[EventCountry "LTU"]
[SourceTitle "CBM 172 Extra"]
[Source "ChessBase"]
[SourceDate "2016.06.21"]
[SourceVersion "1"]
[SourceVersionDate "2016.06.21"]
[SourceQuality "1"]

1. e4 c5 2. Nf3 e6 3. c4 Nc6 4. Nc3 d6 5. d4 cxd4 6. Nxd4 Nf6 7. Be2 Be7 8. 0-0 0-0 9. Be3 a6 10. Kh1 Qc7 11. Rc1 Bd7 12. f4 Rac8 13. Qe1 Rfd8 14. Qg3 b6 15. f5 Nxd4 16. Bxd4 e5 17. Be3 Bc6 18. Bd3 Qb7 19. Qf3 b5 20. Nd5 bxc4 21. Nxe7+ Qxe7 22. Rxc4 d5 23. Rxc6 Rxc6 24. exd5 Nxd5 25. Bf2 Qc7 26. g4 Nf4 27. Be4 Rc1 28. Be3 Rxf1+ 29. Qxf1 Qa5 30. Qb1 Qb5 31. Qc2 Qf1+ 32. Bg1 Ne2 33. Qc5 Nxg1 34. Qxg1 Qe2 0-1